[Event "Reggio Calabria Province-ch"]
[Site "Calabria"]
[Date "2012.05.06"]
[Round "5"]
[White "Attina, Rodolfo"]
[Black "Fariselli, Umberto"]
[Result "1/2-1/2"]
[WhiteElo "1575"]
[BlackElo "1287"]
[PlyCount "53"]
[EventDate "2012.05.04"]
[EventType "swiss"]
[EventRounds "5"]
[EventCountry "ITA"]
[SourceTitle "EXT 2014"]
[Source "ChessBase"]
[SourceDate "2013.11.20"]
[SourceVersion "1"]
[SourceVersionDate "2013.11.20"]
[SourceQuality "1"]

1. d4 d5 2. Nf3 Nf6 3. Nbd2 e6 4. a3 a6 5. g3 c6 6. Bg2 Bd6 7. 0-0 0-0 8. Nb3 Re8 9. Re1 Nbd7 10. Bg5 Be7 11. Bxf6 Bxf6 12. c3 Qb6 13. Qc2 Qc7 14. e4 g6 15. Qd2 Nb6 16. Rab1 Nc4 17. Qc2 b6 18. Nbd2 Nxd2 19. Qxd2 b5 20. b4 a5 21. Qe3 Qe7 22. Nd2 axb4 23. axb4 Qf8 24. Nb3 Bg7 25. Qf3 Ra3 26. Re2 Re7 27. Nc5 1/2-1/2

[Event "Reggio Calabria Province-ch"]
[Site "Calabria"]
[Date "2012.05.06"]
[Round "4"]
[White "Fariselli, Umberto"]
[Black "Manti, Elisa"]
[Result "1-0"]
[WhiteElo "1287"]
[BlackElo "1494"]
[PlyCount "125"]
[EventDate "2012.05.04"]
[EventType "swiss"]
[EventRounds "5"]
[EventCountry "ITA"]
[SourceTitle "EXT 2014"]
[Source "ChessBase"]
[SourceDate "2013.11.20"]
[SourceVersion "1"]
[SourceVersionDate "2013.11.20"]
[SourceQuality "1"]

1. d4 d5 2. c4 c6 3. b3 Nf6 4. Nc3 e6 5. e3 Bb4 6. Bb2 Ne4 7. Nge2 Qa5 8. Qc2 0-0 9. f3 Nxc3 10. Nxc3 Nd7 11. Bd3 Nf6 12. 0-0 Qc7 13. c5 b6 14. a3 Bxc3 15. Qxc3 b5 16. b4 a6 17. f4 g6 18. a4 Ng4 19. Be2 f5 20. h3 Nf6 21. Bf3 Ne4 22. Bxe4 fxe4 23. Qd2 Bd7 24. Qf2 Rf7 25. axb5 cxb5 26. Ra5 Bc6 27. Rfa1 Bb7 28. Qg3 Rg7 29. Qg4 Bc8 30. Qg5 Rf7 31. Qg3 Bb7 32. Bc3 Qd8 33. Be1 Qf6 34. Qg4 Bc8 35. Rxb5 h5 36. Qg3 Bb7 37. Rba5 Rff8 38. h4 Rfb8 39. Rc1 Rc8 40. Qg5 Qg7 41. Rc2 Bc6 42. g4 hxg4 43. Qxg4 Rf8 44. Qxe6+ Rf7 45. Qxc6 Rff8 46. Qxd5+ Kh8 47. Qxe4 Rae8 48. Qf3 Re7 49. Bf2 Qh6 50. Rxa6 Rh7 51. Rca2 g5 52. Rxh6 Rxh6 53. hxg5 Rh7 54. b5 Rg8 55. b6 Rf8 56. b7 Rg8 57. Ra8 Rxb7 58. Rxg8+ Kxg8 59. Qxb7 Kf8 60. f5 Ke8 61. f6 Kf8 62. Bg3 Kg8 63. Qg7# 1-0

[Event "Reggio Calabria Province-ch"]
[Site "Calabria"]
[Date "2012.05.04"]
[Round "1"]
[White "Vallone, Rosario"]
[Black "Fariselli, Umberto"]
[Result "1-0"]
[WhiteElo "1557"]
[BlackElo "1287"]
[PlyCount "127"]
[EventDate "2012.05.04"]
[EventType "swiss"]
[EventRounds "5"]
[EventCountry "ITA"]
[SourceTitle "EXT 2014"]
[Source "ChessBase"]
[SourceDate "2013.11.20"]
[SourceVersion "1"]
[SourceVersionDate "2013.11.20"]
[SourceQuality "1"]

1. d4 d5 2. c4 e6 3. Nc3 c6 4. e3 Nf6 5. Nf3 Bd6 6. Bd3 Nbd7 7. 0-0 b6 8. Nd2 Qc7 9. f4 0-0 10. Nf3 Be7 11. Qc2 Ba6 12. b3 Rac8 13. Bb2 h6 14. Ne5 Nxe5 15. fxe5 Ne4 16. Nxe4 dxe4 17. Bxe4 Bg5 18. Qf2 b5 19. Rad1 bxc4 20. Rc1 Qa5 21. Bc3 Qd8 22. b4 Bb5 23. Bc2 Bh4 24. Qe2 f5 25. exf6 Bxf6 26. a4 Ba6 27. Be4 Qd6 28. Qh5 Qe7 29. Qg6 e5 30. Qh7+ Kf7 31. b5 cxb5 32. axb5 Bxb5 33. Bg6+ Ke6 34. d5+ Kd6 35. Bf5 Kc5 36. Be6 Rb8 37. Qc2 Kb6 38. Be1 Bg5 39. Bf2 Qc5 40. Rce1 Rf6 41. h4 Rxf2 42. Qxf2 Bf6 43. Rb1 Qe7 44. Rfc1 Rf8 45. e4+ Qc5 46. Qxc5+ Kxc5 47. g3 a6 48. d6 Kxd6 49. Bxc4 Rb8 50. Bxb5 Rxb5 51. Rxb5 axb5 52. Kf2 Be7 53. Ke2 Kd7 54. Kd3 b4 55. Kc4 Ke6 56. Rf1 g6 57. Kb5 h5 58. Kc6 Bf6 59. Rd1 Be7 60. Rd3 g5 61. hxg5 Bxg5 62. Kb5 Be7 63. Rf3 Kd6 64. Kxb4 1-0

[Event "Messina op-B 1st"]
[Site "Messina"]
[Date "2011.08.29"]
[Round "2"]
[White "Iannello, Antonio"]
[Black "Fariselli, Umberto"]
[Result "1-0"]
[WhiteElo "1512"]
[BlackElo "1356"]
[PlyCount "37"]
[EventDate "2011.08.28"]
[EventType "swiss"]
[EventRounds "3"]
[EventCountry "ITA"]
[SourceTitle "EXT 2024"]
[Source "ChessBase"]
[SourceDate "2023.10.10"]
[SourceVersion "1"]
[SourceVersionDate "2023.10.10"]
[SourceQuality "1"]

1. e4 e6 2. d4 d5 3. Nd2 c5 4. exd5 exd5 5. Ngf3 Nc6 6. Bb5 Bd7 7. 0-0 Nf6 8. Re1+ Ne7 9. Bxd7+ Nxd7 10. Qe2 c4 11. Ne5 Nf6 12. Nf1 g6 13. Bg5 Bg7 14. Nxf7 Kxf7 15. Qe6+ Kf8 16. Bxf6 Bxf6 17. Qxf6+ Kg8 18. Rxe7 Qf8 19. Qe6+ 1-0

[Event "St Eufemia d'Aspromonte op-B 4th"]
[Site "St Eufemia d'Aspromonte"]
[Date "2011.01.05"]
[Round "7"]
[White "Chite, Carmelo"]
[Black "Fariselli, Umberto"]
[Result "0-1"]
[WhiteElo "1467"]
[BlackElo "1410"]
[PlyCount "96"]
[EventDate "2011.01.02"]
[EventType "swiss"]
[EventRounds "8"]
[EventCountry "ITA"]
[SourceTitle "EXT 2013"]
[Source "ChessBase"]
[SourceDate "2012.11.22"]
[SourceVersion "1"]
[SourceVersionDate "2012.11.22"]
[SourceQuality "1"]

1. d4 Nf6 2. Nc3 d6 3. Bg5 Nbd7 4. e4 h6 5. Bh4 a6 6. Nf3 e6 7. e5 g5 8. Bxg5 hxg5 9. exf6 Qxf6 10. Ne4 Qg6 11. Bd3 Qg7 12. Nexg5 Nb6 13. Qe2 Be7 14. Ne4 f5 15. Nc3 Bd7 16. 0-0-0 0-0-0 17. g3 Bc6 18. Qxe6+ Kb8 19. Qe2 Rhe8 20. Kb1 Qg4 21. h3 Qxf3 22. Qd2 Qh5 23. Be2 Qh8 24. d5 Bd7 25. h4 Bf6 26. h5 Bxc3 27. bxc3 Re5 28. c4 Rde8 29. Bd3 R8e7 30. h6 Na4 31. c3 Nc5 32. f4 Re3 33. Bf1 Na4 34. Rc1 Rxc3 35. h7 Rxg3 36. Rc2 Rge3 37. Qd4 Re1+ 38. Rc1 Rxc1+ 39. Kxc1 Qxd4 40. h8Q+ Qxh8 41. Rxh8+ Ka7 42. Rf8 Nb6 43. Bd3 Re3 44. Kd2 Rf3 45. Rd8 Rxf4 46. Ke3 Rg4 47. Rf8 Nxc4+ 48. Bxc4 Rxc4 0-1

[Event "St Eufemia d'Aspromonte op-B 4th"]
[Site "St Eufemia d'Aspromonte"]
[Date "2011.01.02"]
[Round "1"]
[White "Paragliola, Gennaro"]
[Black "Fariselli, Umberto"]
[Result "1-0"]
[WhiteElo "1603"]
[BlackElo "1410"]
[PlyCount "71"]
[EventDate "2011.01.02"]
[EventType "swiss"]
[EventRounds "8"]
[EventCountry "ITA"]
[SourceTitle "EXT 2013"]
[Source "ChessBase"]
[SourceDate "2012.11.22"]
[SourceVersion "1"]
[SourceVersionDate "2012.11.22"]
[SourceQuality "1"]

1. d4 d5 2. c4 c6 3. cxd5 cxd5 4. Nc3 Nf6 5. Nf3 Nc6 6. Bg5 e6 7. e3 Be7 8. Bd3 h6 9. Bh4 a6 10. Rc1 Bd7 11. 0-0 b5 12. a3 Qc7 13. Na2 Qd8 14. Bb1 Rc8 15. h3 Ne4 16. Bxe7 Qxe7 17. Nc3 Nf6 18. Ne2 Nh5 19. Rc5 f5 20. Qc2 Nf6 21. Ne5 Nxe5 22. Rxc8+ Bxc8 23. Qxc8+ Kf7 24. Qxh8 Ng8 25. dxe5 Qc7 26. f4 Qc5 27. Kf2 b4 28. Rc1 Qb6 29. axb4 Ne7 30. Nd4 Qxb4 31. Bd3 Qd2+ 32. Ne2 Qb4 33. Bxa6 Qxb2 34. Rc7 Qb4 35. Qd8 Qa3 36. Qd6 1-0

[Event "Amantea op-B 8th"]
[Site "Amantea"]
[Date "2010.09.03"]
[Round "6"]
[White "Fariselli, Umberto"]
[Black "Sansosti, Simona"]
[Result "0-1"]
[WhiteElo "1458"]
[BlackElo "1410"]
[PlyCount "53"]
[EventDate "2010.08.29"]
[EventType "swiss"]
[EventRounds "9"]
[EventCountry "ITA"]
[SourceTitle "CBM 138 Extra"]
[Source "ChessBase"]
[SourceDate "2010.10.29"]
[SourceVersion "1"]
[SourceVersionDate "2010.10.29"]
[SourceQuality "1"]

1. d4 d5 2. Nf3 Nf6 3. e3 Bg4 4. Be2 e6 5. 0-0 Nbd7 6. c3 Be7 7. Nbd2 h6 8. Re1 0-0 9. b4 Re8 10. a4 Bd6 11. Bd3 e5 12. Be2 e4 13. Nh4 Bxe2 14. Qxe2 c6 15. g3 Nf8 16. a5 a6 17. Rb1 Qd7 18. Qf1 Re6 19. Qh3 N8h7 20. Nf5 Ree8 21. Kg2 Bf8 22. Rf1 Ng5 23. Nxh6+ gxh6 24. Qxh6 Bxh6 25. f4 Qh3+ 26. Kh1 Nf3 27. Nxf3 0-1

[Event "Costa Viola op 3rd"]
[Site "St Eufemia d'Aspromonte"]
[Date "2010.01.04"]
[Round "5"]
[White "Fariselli, Umberto"]
[Black "Carrozza, Gregorio"]
[Result "0-1"]
[WhiteElo "1476"]
[BlackElo "1616"]
[PlyCount "47"]
[EventDate "2010.01.02"]
[EventType "swiss"]
[EventRounds "7"]
[EventCountry "ITA"]
[SourceTitle "EXT 2011"]
[Source "ChessBase"]
[SourceDate "2010.11.26"]
[SourceVersion "1"]
[SourceVersionDate "2010.11.26"]
[SourceQuality "1"]

1. d4 e6 2. Nf3 Nf6 3. Nc3 d5 4. Bg5 h6 5. Bf4 Bd6 6. Be5 Bb4 7. a3 Bxc3+ 8. bxc3 Nbd7 9. h3 0-0 10. e3 Ne4 11. Qd3 c5 12. c4 Qa5+ 13. Nd2 cxd4 14. Bxd4 Ndc5 15. Bxc5 Nxc5 16. Qd4 Rd8 17. Be2 dxc4 18. Qxd8+ Qxd8 19. 0-0 Qxd2 20. Bxc4 Bd7 21. Bb3 Bc6 22. Rfd1 Qc3 23. Ba2 Kh7 24. Bb1 0-1

[Event "Costa Viola op 3rd"]
[Site "St Eufemia d'Aspromonte"]
[Date "2010.01.03"]
[Round "2"]
[White "Fariselli, Umberto"]
[Black "Pratico, Paolo"]
[Result "1-0"]
[WhiteElo "1476"]
[BlackElo "1278"]
[PlyCount "73"]
[EventDate "2010.01.02"]
[EventType "swiss"]
[EventRounds "7"]
[EventCountry "ITA"]
[SourceTitle "EXT 2011"]
[Source "ChessBase"]
[SourceDate "2010.11.26"]
[SourceVersion "1"]
[SourceVersionDate "2010.11.26"]
[SourceQuality "1"]

1. e4 g6 2. d4 d6 3. c3 Nf6 4. Bd3 Bg7 5. h3 0-0 6. Nf3 c6 7. 0-0 Qc7 8. Be3 b5 9. Qd2 Nbd7 10. b4 a5 11. a3 axb4 12. cxb4 Bb7 13. Nc3 Rfe8 14. Bh6 e5 15. Bxg7 Kxg7 16. dxe5 Nxe5 17. Nxe5 dxe5 18. f3 Nh5 19. g4 Qb6+ 20. Kh2 Nf4 21. Bc2 Red8 22. Qf2 Qxf2+ 23. Rxf2 Rd7 24. a4 Rc8 25. axb5 c5 26. bxc5 Rxc5 27. Nd5 Nxd5 28. exd5 Rxb5 29. Ba4 Ra5 30. Bxd7 Rxa1 31. Bc6 Bc8 32. Rb2 Ra7 33. Rb8 Bd7 34. Rb6 Bxc6 35. dxc6 Rc7 36. Kg1 f5 37. Rb7 1-0

[Event "Bagnara Calabra op-B"]
[Site "Bagnara Calabra"]
[Date "2008.01.05"]
[Round "6"]
[White "Fariselli, Umberto"]
[Black "Rametta, Marcello"]
[Result "0-1"]
[WhiteElo "1512"]
[BlackElo "1741"]
[PlyCount "70"]
[EventDate "2008.01.02"]
[EventType "swiss"]
[EventRounds "7"]
[EventCountry "ITA"]
[SourceTitle "EXT 2009"]
[Source "ChessBase"]
[SourceDate "2008.11.26"]
[SourceVersion "1"]
[SourceVersionDate "2008.11.26"]
[SourceQuality "1"]

1. e4 c5 2. Bb5 a6 3. Bc4 e6 4. a3 Nc6 5. Nf3 b5 6. Ba2 Bb7 7. d3 Be7 8. Nc3 Nf6 9. Bf4 d5 10. e5 Nd7 11. 0-0 0-0 12. Re1 Qb6 13. Rb1 Rad8 14. Ng5 h6 15. Nh3 c4 16. Qg4 Kh7 17. dxc4 dxc4 18. Rbd1 Nd4 19. Bb1 Nf5 20. Be3 Qc6 21. f4 Bc5 22. Kh1 Bxe3 23. Re2 Bc5 24. Ne4 Ne3 25. Qf3 Nxd1 26. c3 Kh8 27. Rd2 Ne3 28. Nxc5 Qxf3 29. gxf3 Bxf3+ 30. Kg1 Nxc5 31. Rxd8 Rxd8 32. Kf2 Bg4 33. Ng1 Rd1 34. Kxe3 Rxb1 35. h3 Rxg1 0-1